[Event "ODJM A 2025"]
[Site "Willingen GER"]
[Date "2025.06.11"]
[Round "6"]
[White "Krause, Enrico"]
[Black "Winkler, Yonathan"]
[Result "0-1"]
[Termination "normal"]
[Board "7"]
[WhiteElo "1792"]
[BlackElo "2201"]
[WhiteClock "00:18:47"]
[BlackClock "00:34:59"]
[PlyCount "60"]
[WhiteFideId "34618490"]
[BlackFideId "16266080"]
[EventCountry "GER"]
[EventRounds "9"]
[EventType "swiss"]
[EventDate "2025.06.07"]

1. c4 {[%clk 01:30:58]} {[%emt 00:00:03]} c6 {[%clk 01:30:49]} {[%emt
00:00:11]} 2. Nc3 {[%clk 01:30:58]} {[%emt 00:00:30]} d5 {[%clk 01:31:11]}
{[%emt 00:00:07]} 3. cxd5 {[%clk 01:31:12]} {[%emt 00:00:17]} cxd5 {[%clk
01:31:34]} {[%emt 00:00:06]} 4. d4 {[%clk 01:31:39]} {[%emt 00:00:04]} Nf6
{[%clk 01:31:57]} {[%emt 00:00:06]} 5. Nf3 {[%clk 01:32:01]} {[%emt 00:00:08]}
Nc6 {[%clk 01:32:23]} {[%emt 00:00:05]} 6. Bf4 {[%clk 01:32:18]} {[%emt
00:00:13]} Bf5 {[%clk 01:32:45]} {[%emt 00:00:07]} 7. Qb3 {[%clk 01:28:35]}
{[%emt 00:04:13]} Na5 {[%clk 01:31:27]} {[%emt 00:01:49]} 8. Qa4+ {[%clk
01:28:00]} {[%emt 00:01:05]} Bd7 {[%clk 01:31:50]} {[%emt 00:00:07]} 9. Qc2
{[%clk 01:26:28]} {[%emt 00:02:01]} e6 {[%clk 01:32:10]} {[%emt 00:00:10]} 10.
e3 {[%clk 01:24:16]} {[%emt 00:02:43]} Rc8 {[%clk 01:31:45]} {[%emt 00:00:54]}
11. Bd3 {[%clk 01:23:09]} {[%emt 00:01:37]} Nc4 {[%clk 01:27:37]} {[%emt
00:04:39]} 12. O-O {[%clk 01:15:36]} {[%emt 00:08:03]} Bb4 {[%clk 01:21:11]}
{[%emt 00:06:56]} 13. Qb3 {[%clk 00:57:29]} {[%emt 00:18:37]} Nxb2 {[%clk
01:17:23]} {[%emt 00:04:19]} 14. Qxb4 {[%clk 00:51:58]} {[%emt 00:06:00]} Nxd3
{[%clk 01:17:35]} {[%emt 00:00:18]} 15. Qa3 {[%clk 00:52:16]} {[%emt 00:00:12]}
Nxf4 {[%clk 01:17:58]} {[%emt 00:00:06]} 16. exf4 {[%clk 00:52:41]} {[%emt
00:00:06]} Qe7 {[%clk 01:14:52]} {[%emt 00:03:36]} 17. Qb3 {[%clk 00:51:34]}
{[%emt 00:01:37]} O-O {[%clk 01:10:15]} {[%emt 00:05:06]} 18. Rfe1 {[%clk
00:49:19]} {[%emt 00:02:45]} Bc6 {[%clk 01:04:02]} {[%emt 00:06:43]} 19. f5
{[%clk 00:46:58]} {[%emt 00:02:52]} Qd6 {[%clk 00:58:22]} {[%emt 00:06:10]} 20.
fxe6 {[%clk 00:45:43]} {[%emt 00:01:45]} fxe6 {[%clk 00:58:50]} {[%emt
00:00:03]} 21. Ne5 {[%clk 00:41:38]} {[%emt 00:04:34]} Nd7 {[%clk 00:55:45]}
{[%emt 00:03:35]} 22. Nb5 {[%clk 00:39:33]} {[%emt 00:02:36]} Bxb5 {[%clk
00:54:33]} {[%emt 00:01:42]} 23. Qxb5 {[%clk 00:39:54]} {[%emt 00:00:09]} Nxe5
{[%clk 00:52:21]} {[%emt 00:02:42]} 24. Rxe5 {[%clk 00:40:16]} {[%emt
00:00:07]} Rc2 {[%clk 00:50:41]} {[%emt 00:02:11]} 25. f3 {[%clk 00:39:06]}
{[%emt 00:01:40]} Qc6 {[%clk 00:46:26]} {[%emt 00:04:44]} 26. Qd3 {[%clk
00:34:29]} {[%emt 00:05:08]} Rf6 {[%clk 00:44:05]} {[%emt 00:02:50]} 27. a3
{[%clk 00:25:13]} {[%emt 00:09:47]} Rg6 {[%clk 00:40:18]} {[%emt 00:04:17]} 28.
g3 {[%clk 00:22:48]} {[%emt 00:02:55]} Rh6 {[%clk 00:35:06]} {[%emt 00:05:42]}
29. Rae1 {[%clk 00:19:51]} {[%emt 00:03:26]} Rcxh2 {[%clk 00:34:34]} {[%emt
00:01:03]} 30. Rxe6 {[%clk 00:18:47]} {[%emt 00:01:33]} Rh1+ {[%clk 00:34:59]}
{[%emt 00:00:05]} 0-1

[Event "ODJM A 2025"]
[Site "Willingen GER"]
[Date "2025.06.11"]
[Round "6"]
[White "Hofmann, Lorenz"]
[Black "Hofmann, Benjamin"]
[Result "1-0"]
[Termination "normal"]
[Board "9"]
[WhiteElo "2104"]
[BlackElo "1944"]
[WhiteClock "00:07:37"]
[BlackClock "00:00:51"]
[PlyCount "107"]
[WhiteFideId "12995509"]
[BlackFideId "16270266"]
[EventCountry "GER"]
[EventRounds "9"]
[EventType "swiss"]
[EventDate "2025.06.07"]

1. d4 {[%clk 01:30:58]} {[%emt 00:00:02]} d5 {[%clk 01:30:47]} {[%emt
00:00:13]} 2. c4 {[%clk 01:31:24]} {[%emt 00:00:05]} e6 {[%clk 01:31:13]}
{[%emt 00:00:05]} 3. Nc3 {[%clk 01:31:50]} {[%emt 00:00:04]} Nf6 {[%clk
01:31:38]} {[%emt 00:00:05]} 4. cxd5 {[%clk 01:32:11]} {[%emt 00:00:09]} exd5
{[%clk 01:32:01]} {[%emt 00:00:06]} 5. Bg5 {[%clk 01:32:38]} {[%emt 00:00:05]}
c6 {[%clk 01:32:16]} {[%emt 00:00:14]} 6. e3 {[%clk 01:33:00]} {[%emt
00:00:09]} Bd6 {[%clk 01:32:37]} {[%emt 00:00:10]} 7. Qc2 {[%clk 01:32:42]}
{[%emt 00:00:48]} O-O {[%clk 01:32:46]} {[%emt 00:00:21]} 8. Bd3 {[%clk
01:32:45]} {[%emt 00:00:27]} h6 {[%clk 01:33:09]} {[%emt 00:00:06]} 9. Bh4
{[%clk 01:32:53]} {[%emt 00:00:22]} a5 {[%clk 01:33:15]} {[%emt 00:00:25]} 10.
a3 {[%clk 01:32:41]} {[%emt 00:00:42]} Na6 {[%clk 01:32:45]} {[%emt 00:01:00]}
11. Nge2 {[%clk 01:31:36]} {[%emt 00:01:35]} Re8 {[%clk 01:32:30]} {[%emt
00:00:44]} 12. O-O {[%clk 01:31:29]} {[%emt 00:00:37]} Bxh2+ {[%clk 01:29:16]}
{[%emt 00:03:44]} 13. Kxh2 {[%clk 01:22:23]} {[%emt 00:09:35]} Ng4+ {[%clk
01:29:37]} {[%emt 00:00:09]} 14. Kg3 {[%clk 01:22:29]} {[%emt 00:00:24]} g5
{[%clk 01:29:42]} {[%emt 00:00:26]} 15. Bf5 {[%clk 01:19:12]} {[%emt 00:03:47]}
gxh4+ {[%clk 01:26:10]} {[%emt 00:04:03]} 16. Kh3 {[%clk 01:19:00]} {[%emt
00:00:41]} Qg5 {[%clk 01:24:10]} {[%emt 00:02:29]} 17. Bxg4 {[%clk 01:14:21]}
{[%emt 00:05:10]} Bxg4+ {[%clk 01:23:25]} {[%emt 00:01:15]} 18. Kh2 {[%clk
01:14:45]} {[%emt 00:00:05]} Bf5 {[%clk 01:12:41]} {[%emt 00:11:15]} 19. Qd2
{[%clk 01:09:25]} {[%emt 00:05:51]} Nc7 {[%clk 01:05:04]} {[%emt 00:08:06]} 20.
Nf4 {[%clk 01:02:36]} {[%emt 00:07:18]} Kh8 {[%clk 00:57:59]} {[%emt 00:07:35]}
21. Rh1 {[%clk 00:53:39]} {[%emt 00:09:27]} Rg8 {[%clk 00:49:15]} {[%emt
00:09:14]} 22. Kg1 {[%clk 00:51:06]} {[%emt 00:03:03]} Ne6 {[%clk 00:46:53]}
{[%emt 00:02:52]} 23. Nce2 {[%clk 00:49:40]} {[%emt 00:01:57]} Be4 {[%clk
00:37:10]} {[%emt 00:10:13]} 24. Rh2 {[%clk 00:49:49]} {[%emt 00:00:20]} Qg4
{[%clk 00:26:01]} {[%emt 00:11:39]} 25. Kf1 {[%clk 00:39:28]} {[%emt 00:10:51]}
Ng5 {[%clk 00:22:19]} {[%emt 00:04:12]} 26. Ng1 {[%clk 00:34:07]} {[%emt
00:05:51]} h3 {[%clk 00:17:51]} {[%emt 00:04:58]} 27. g3 {[%clk 00:33:22]}
{[%emt 00:01:15]} Bg2+ {[%clk 00:12:23]} {[%emt 00:05:59]} 28. Nxg2 {[%clk
00:31:13]} {[%emt 00:02:38]} hxg2+ {[%clk 00:12:43]} {[%emt 00:00:10]} 29. Rxg2
{[%clk 00:28:12]} {[%emt 00:03:31]} Ne4 {[%clk 00:11:45]} {[%emt 00:01:28]} 30.
Qe2 {[%clk 00:26:59]} {[%emt 00:01:44]} Qf5 {[%clk 00:11:15]} {[%emt 00:00:58]}
31. Ke1 {[%clk 00:25:40]} {[%emt 00:01:50]} Rae8 {[%clk 00:09:57]} {[%emt
00:01:48]} 32. Nf3 {[%clk 00:18:03]} {[%emt 00:08:07]} c5 {[%clk 00:07:35]}
{[%emt 00:02:52]} 33. dxc5 {[%clk 00:13:30]} {[%emt 00:05:03]} Nxc5 {[%clk
00:06:37]} {[%emt 00:01:29]} 34. Rd1 {[%clk 00:13:48]} {[%emt 00:00:11]} Ne4
{[%clk 00:05:34]} {[%emt 00:01:34]} 35. Rh2 {[%clk 00:12:28]} {[%emt 00:01:49]}
Kh7 {[%clk 00:04:53]} {[%emt 00:01:11]} 36. Nd4 {[%clk 00:12:28]} {[%emt
00:00:29]} Qf6 {[%clk 00:03:08]} {[%emt 00:02:16]} 37. Qf3 {[%clk 00:06:23]}
{[%emt 00:06:35]} Qg6 {[%clk 00:02:51]} {[%emt 00:00:47]} 38. Nf5 {[%clk
00:03:07]} {[%emt 00:03:46]} Ng5 {[%clk 00:02:44]} {[%emt 00:00:37]} 39. Qh5
{[%clk 00:03:32]} {[%emt 00:00:04]} Re6 {[%clk 00:02:23]} {[%emt 00:00:51]} 40.
Rxd5 {[%clk 00:02:54]} {[%emt 00:01:08]} Qf6 {[%clk 00:01:04]} {[%emt
00:01:50]} 41. Qe2 {[%clk 00:30:21]} {[%emt 00:03:02]} Rg6 {[%clk 00:29:00]}
{[%emt 00:02:35]} 42. Nd4 {[%clk 00:21:22]} {[%emt 00:09:29]} Re7 {[%clk
00:24:10]} {[%emt 00:05:19]} 43. Rh4 {[%clk 00:18:35]} {[%emt 00:03:17]} Qb6
{[%clk 00:02:42]} {[%emt 00:21:58]} 44. Qb5 {[%clk 00:16:09]} {[%emt 00:02:57]}
Ne4 {[%clk 00:01:50]} {[%emt 00:01:22]} 45. Nf5 {[%clk 00:14:54]} {[%emt
00:01:44]} Qxb5 {[%clk 00:00:40]} {[%emt 00:01:41]} 46. Rxb5 {[%clk 00:15:15]}
{[%emt 00:00:09]} Ree6 {[%clk 00:00:33]} {[%emt 00:00:37]} 47. Rxb7 {[%clk
00:14:29]} {[%emt 00:01:16]} Rgf6 {[%clk 00:00:51]} {[%emt 00:00:10]} 48. Nd4
{[%clk 00:09:14]} {[%emt 00:05:46]} Re5 {[%clk 00:00:43]} {[%emt 00:00:39]} 49.
Rf4 {[%clk 00:09:26]} {[%emt 00:00:17]} Kg6 {[%clk 00:00:40]} {[%emt 00:00:34]}
50. Rxf6+ {[%clk 00:09:49]} {[%emt 00:00:07]} Kxf6 {[%clk 00:00:42]} {[%emt
00:00:28]} 51. Rb6+ {[%clk 00:09:58]} {[%emt 00:00:20]} Kg7 {[%clk 00:01:02]}
{[%emt 00:00:10]} 52. g4 {[%clk 00:08:53]} {[%emt 00:01:36]} Rc5 {[%clk
00:01:14]} {[%emt 00:00:18]} 53. Nf5+ {[%clk 00:07:45]} {[%emt 00:01:38]} Kg8
{[%clk 00:00:51]} {[%emt 00:00:52]} 54. f3 {[%clk 00:07:37]} {[%emt 00:00:38]}
1-0

[Event "ODJM A 2025"]
[Site "Willingen GER"]
[Date "2025.06.11"]
[Round "6"]
[White "Melde, Benjamin"]
[Black "Werner, Florin"]
[Result "0-1"]
[Termination "normal"]
[Board "10"]
[WhiteElo "2065"]
[BlackElo "1970"]
[WhiteClock "00:01:55"]
[BlackClock "00:01:34"]
[PlyCount "184"]
[WhiteFideId "12958816"]
[BlackFideId "16250230"]
[EventCountry "GER"]
[EventRounds "9"]
[EventType "swiss"]
[EventDate "2025.06.07"]

1. c4 {[%clk 01:30:57]} {[%emt 00:00:03]} c6 {[%clk 01:30:36]} {[%emt
00:00:24]} 2. g3 {[%clk 01:31:12]} {[%emt 00:00:15]} d5 {[%clk 01:30:49]}
{[%emt 00:00:17]} 3. Nf3 {[%clk 01:31:34]} {[%emt 00:00:08]} Nf6 {[%clk
01:30:59]} {[%emt 00:00:18]} 4. Bg2 {[%clk 01:31:59]} {[%emt 00:00:07]} dxc4
{[%clk 01:31:14]} {[%emt 00:00:16]} 5. O-O {[%clk 01:32:22]} {[%emt 00:00:07]}
Be6 {[%clk 01:30:55]} {[%emt 00:00:48]} 6. Na3 {[%clk 01:31:02]} {[%emt
00:01:51]} Qd5 {[%clk 01:30:21]} {[%emt 00:01:03]} 7. b3 {[%clk 01:26:45]}
{[%emt 00:04:48]} cxb3 {[%clk 01:30:10]} {[%emt 00:00:41]} 8. axb3 {[%clk
01:27:00]} {[%emt 00:00:15]} Nbd7 {[%clk 01:26:40]} {[%emt 00:03:59]} 9. Nc4
{[%clk 01:25:54]} {[%emt 00:01:37]} Qh5 {[%clk 01:22:10]} {[%emt 00:05:00]} 10.
Na5 {[%clk 00:52:06]} {[%emt 00:34:19]} Bd5 {[%clk 01:13:09]} {[%emt 00:09:29]}
11. d3 {[%clk 00:47:26]} {[%emt 00:05:11]} e5 {[%clk 00:55:23]} {[%emt
00:18:16]} 12. e4 {[%clk 00:46:46]} {[%emt 00:01:10]} Be6 {[%clk 00:52:07]}
{[%emt 00:03:45]} 13. Ng5 {[%clk 00:46:11]} {[%emt 00:01:05]} Qxd1 14. Rxd1
{[%clk 00:46:39]} Bg4 {[%clk 00:35:21]} {[%emt 00:15:00]} 15. Bf3 {[%clk
00:46:44]} {[%emt 00:00:25]} Bxf3 {[%clk 00:33:28]} {[%emt 00:02:24]} 16. Nxf3
{[%clk 00:47:12]} {[%emt 00:00:02]} O-O-O {[%clk 00:30:46]} {[%emt 00:03:12]}
17. Be3 {[%clk 00:33:41]} {[%emt 00:14:01]} Ng4 {[%clk 00:26:05]} {[%emt
00:05:11]} 18. Nc4 {[%clk 00:29:31]} {[%emt 00:04:40]} Nxe3 {[%clk 00:26:08]}
{[%emt 00:00:27]} 19. fxe3 {[%clk 00:29:59]} {[%emt 00:00:02]} f6 {[%clk
00:25:43]} {[%emt 00:00:54]} 20. Rxa7 {[%clk 00:29:44]} {[%emt 00:00:46]} Kb8
{[%clk 00:24:07]} {[%emt 00:02:05]} 21. Rda1 {[%clk 00:28:31]} {[%emt
00:01:43]} Bc5 {[%clk 00:23:32]} {[%emt 00:01:05]} 22. Ra8+ {[%clk 00:28:37]}
{[%emt 00:00:24]} Kc7 {[%clk 00:23:58]} {[%emt 00:00:05]} 23. Rxd8 {[%clk
00:29:00]} {[%emt 00:00:07]} Rxd8 {[%clk 00:24:20]} {[%emt 00:00:08]} 24. d4
{[%clk 00:27:59]} {[%emt 00:01:30]} Bb4 {[%clk 00:21:30]} {[%emt 00:03:20]} 25.
Rd1 {[%clk 00:21:00]} {[%emt 00:07:29]} Nc5 {[%clk 00:19:55]} {[%emt 00:02:05]}
26. Nb2 {[%clk 00:14:01]} {[%emt 00:07:30]} Nxb3 {[%clk 00:17:12]} {[%emt
00:03:12]} 27. Nd3 {[%clk 00:13:03]} {[%emt 00:01:28]} Bc3 {[%clk 00:15:15]}
{[%emt 00:02:27]} 28. Rb1 {[%clk 00:10:54]} {[%emt 00:02:40]} Nd2 {[%clk
00:14:48]} {[%emt 00:00:56]} 29. Nxd2 {[%clk 00:11:22]} {[%emt 00:00:02]} Bxd2
{[%clk 00:15:13]} {[%emt 00:00:06]} 30. Nc5 {[%clk 00:11:42]} {[%emt 00:00:09]}
Bxe3+ {[%clk 00:15:29]} {[%emt 00:00:14]} 31. Kf1 {[%clk 00:12:06]} {[%emt
00:00:06]} Rb8 {[%clk 00:14:39]} {[%emt 00:01:20]} 32. Ne6+ {[%clk 00:12:30]}
{[%emt 00:00:06]} Kd6 {[%clk 00:14:57]} {[%emt 00:00:12]} 33. Nxg7 {[%clk
00:12:54]} {[%emt 00:00:07]} Bxd4 {[%clk 00:15:10]} {[%emt 00:00:17]} 34. Ke2
{[%clk 00:13:06]} {[%emt 00:00:17]} b5 {[%clk 00:15:13]} {[%emt 00:00:27]} 35.
Rf1 {[%clk 00:13:17]} {[%emt 00:00:19]} Rf8 {[%clk 00:10:20]} {[%emt 00:05:22]}
36. g4 {[%clk 00:13:12]} {[%emt 00:00:36]} c5 {[%clk 00:03:58]} {[%emt
00:06:53]} 37. g5 {[%clk 00:10:57]} {[%emt 00:02:44]} Ke7 {[%clk 00:03:03]}
{[%emt 00:01:25]} 38. h4 {[%clk 00:09:18]} {[%emt 00:02:10]} fxg5 {[%clk
00:02:40]} {[%emt 00:00:53]} 39. Nf5+ {[%clk 00:09:46]} {[%emt 00:00:01]} Kd7
{[%clk 00:02:20]} {[%emt 00:00:51]} 40. hxg5 {[%clk 00:10:09]} {[%emt
00:00:06]} Rf7 {[%clk 00:01:13]} {[%emt 00:01:38]} 41. Rh1 {[%clk 00:08:45]}
{[%emt 00:01:53]} c4 {[%clk 00:28:50]} {[%emt 00:02:53]} 42. Rh6 {[%clk
00:38:47]} {[%emt 00:00:29]} Bc5 {[%clk 00:25:09]} {[%emt 00:04:10]} 43. Ne3
{[%clk 00:35:22]} {[%emt 00:03:55]} Rg7 {[%clk 00:22:23]} {[%emt 00:03:15]} 44.
Nd5 {[%clk 00:35:02]} {[%emt 00:00:50]} Rxg5 {[%emt 00:03:41]} 45. Rxh7+ {[%clk
00:32:37]} {[%emt 00:02:52]} Kc6 {[%clk 00:18:45]} {[%emt 00:00:59]} 46. Rh6+
{[%clk 00:31:04]} {[%emt 00:02:04]} Kb7 {[%clk 00:18:55]} {[%emt 00:00:20]} 47.
Rh7+ {[%clk 00:24:55]} {[%emt 00:06:40]} Ka6 {[%clk 00:16:22]} {[%emt
00:03:02]} 48. Rh6+ {[%clk 00:25:15]} {[%emt 00:00:10]} Ka5 {[%clk 00:15:51]}
{[%emt 00:01:01]} 49. Rh8 {[%clk 00:25:36]} {[%emt 00:00:08]} Rg2+ {[%clk
00:07:02]} {[%emt 00:09:20]} 50. Kd1 {[%clk 00:24:52]} {[%emt 00:01:13]} Ka4
{[%clk 00:06:15]} {[%emt 00:01:18]} 51. Rb8 {[%clk 00:24:13]} {[%emt 00:01:09]}
b4 {[%clk 00:04:09]} {[%emt 00:02:36]} 52. Rc8 {[%clk 00:24:31]} {[%emt
00:00:12]} Rg1+ {[%clk 00:01:50]} {[%emt 00:02:50]} 53. Kd2 {[%clk 00:21:22]}
{[%emt 00:03:38]} Bd4 {[%clk 00:00:38]} {[%emt 00:01:42]} 54. Rxc4 {[%clk
00:21:32]} {[%emt 00:00:21]} Rb1 {[%clk 00:00:58]} {[%emt 00:00:09]} 55. Kc2
{[%clk 00:20:36]} {[%emt 00:01:25]} Rb2+ {[%clk 00:01:19]} {[%emt 00:00:10]}
56. Kc1 {[%clk 00:21:00]} {[%emt 00:00:06]} Ka3 {[%clk 00:01:24]} {[%emt
00:00:25]} 57. Kd1 {[%clk 00:14:50]} {[%emt 00:06:40]} Rb1+ {[%clk 00:00:47]}
{[%emt 00:01:07]} 58. Kc2 {[%clk 00:15:00]} {[%emt 00:00:20]} Rb2+ {[%clk
00:01:16]} {[%emt 00:00:02]} 59. Kc1 {[%clk 00:10:12]} {[%emt 00:05:18]} Rb3
{[%clk 00:00:35]} {[%emt 00:01:11]} 60. Kc2 {[%clk 00:09:50]} {[%emt 00:00:51]}
Ka4 {[%clk 00:00:53]} {[%emt 00:00:12]} 61. Kc1 {[%clk 00:08:53]} {[%emt
00:01:28]} Bc3 {[%clk 00:00:47]} {[%emt 00:00:34]} 62. Rc5 {[%clk 00:08:13]}
{[%emt 00:01:11]} Ra3 {[%clk 00:00:51]} {[%emt 00:00:26]} 63. Kc2 {[%clk
00:07:59]} {[%emt 00:00:44]} Ra2+ {[%clk 00:01:12]} {[%emt 00:00:10]} 64. Kc1
{[%clk 00:05:33]} {[%emt 00:02:54]} Ra1+ {[%clk 00:01:37]} {[%emt 00:00:06]}
65. Kc2 {[%clk 00:05:57]} {[%emt 00:00:06]} b3+ {[%clk 00:01:54]} {[%emt
00:00:13]} 66. Kd3 {[%clk 00:06:15]} {[%emt 00:00:12]} Rd1+ {[%clk 00:01:40]}
{[%emt 00:00:45]} 67. Kc4 {[%clk 00:06:26]} {[%emt 00:00:18]} Bd4 {[%clk
00:01:45]} {[%emt 00:00:25]} 68. Nb6+ {[%clk 00:06:37]} {[%emt 00:00:20]} Ka3
{[%clk 00:02:06]} {[%emt 00:00:09]} 69. Ra5+ {[%clk 00:06:32]} {[%emt
00:00:35]} Kb2 {[%clk 00:02:31]} {[%emt 00:00:05]} 70. Nd5 {[%clk 00:05:18]}
{[%emt 00:01:43]} Rc1+ {[%clk 00:02:35]} {[%emt 00:00:27]} 71. Kd3 {[%clk
00:05:05]} {[%emt 00:00:42]} Kb1 {[%clk 00:02:35]} {[%emt 00:00:29]} 72. Ra8
{[%clk 00:04:03]} {[%emt 00:01:32]} b2 {[%clk 00:02:35]} {[%emt 00:00:29]} 73.
Rb8 {[%clk 00:03:31]} {[%emt 00:01:03]} Rc5 {[%clk 00:01:32]} {[%emt 00:01:32]}
74. Rh8 {[%clk 00:02:01]} {[%emt 00:02:01]} Rc2 {[%clk 00:00:38]} {[%emt
00:01:23]} 75. Rh1+ {[%clk 00:01:50]} {[%emt 00:00:42]} Rc1 {[%clk 00:01:02]}
{[%emt 00:00:06]} 76. Rh8 {[%clk 00:02:17]} {[%emt 00:00:04]} Rg1 {[%clk
00:01:02]} {[%emt 00:00:29]} 77. Rc8 {[%clk 00:01:56]} {[%emt 00:00:51]} Rg3+
{[%clk 00:00:45]} {[%emt 00:00:46]} 78. Kd2 {[%clk 00:02:20]} {[%emt 00:00:07]}
Rb3 {[%clk 00:00:57]} {[%emt 00:00:17]} 79. Ra8 {[%clk 00:02:00]} {[%emt
00:00:51]} Rb5 {[%clk 00:00:41]} {[%emt 00:00:45]} 80. Kd1 {[%clk 00:01:50]}
{[%emt 00:00:40]} Rb7 {[%clk 00:00:46]} {[%emt 00:00:26]} 81. Kd2 {[%clk
00:01:04]} {[%emt 00:01:16]} Rb3 {[%clk 00:00:59]} {[%emt 00:00:17]} 82. Kd1
{[%clk 00:01:00]} {[%emt 00:00:35]} Rd3 {[%clk 00:00:57]} {[%emt 00:00:32]} 83.
Ke2 {[%clk 00:01:25]} {[%emt 00:00:05]} Rh3 {[%clk 00:00:38]} {[%emt 00:00:48]}
84. Kd2 {[%clk 00:01:40]} {[%emt 00:00:16]} Rh4 {[%clk 00:00:56]} {[%emt
00:00:11]} 85. Nb4 {[%clk 00:00:35]} {[%emt 00:01:36]} Rh3 {[%clk 00:00:36]}
{[%emt 00:00:49]} 86. Nd5 {[%clk 00:00:59]} {[%emt 00:00:06]} Rh2+ {[%clk
00:00:52]} {[%emt 00:00:15]} 87. Kd1 {[%clk 00:00:54]} {[%emt 00:00:34]} Rh4
{[%clk 00:00:57]} {[%emt 00:00:25]} 88. Nb4 {[%clk 00:01:19]} {[%emt 00:00:05]}
Rxe4 {[%clk 00:00:37]} {[%emt 00:00:51]} 89. Nc2 {[%clk 00:01:33]} {[%emt
00:00:14]} Bc5 {[%clk 00:00:55]} {[%emt 00:00:12]} 90. Ra5 {[%clk 00:01:19]}
{[%emt 00:00:46]} Rc4 {[%clk 00:00:59]} {[%emt 00:00:25]} 91. Ne1 {[%clk
00:01:30]} {[%emt 00:00:20]} Rc1 {[%clk 00:01:14]} {[%emt 00:00:14]} 92. Ke2
{[%clk 00:01:55]} {[%emt 00:00:06]} Bb4 {[%clk 00:01:34]} {[%emt 00:00:10]} 0-1